Thực hiện kế hoạch đào tạo: Nghành Giáo dục thể chất Sách trợ giúp giảng viên Cao đẳng Sư phạm

Shranjeno v:
Bibliografske podrobnosti
Format: Knjiga
Jezik:Vietnamese
Izdano: H. Đại học sư phạm 2007
Teme:
Oznake: Označite
Brez oznak, prvi označite!
Thư viện lưu trữ: Mạng thư viện Đại học Đà Nẵng
LEADER 00888nam a2200265 4500
001 000015418
003 11798
005 20120528140543.0
008 120528s2007 viesd
041 0 |a vie 
082 |a 371.1  |b Thư 
245 0 |a Thực hiện kế hoạch đào tạo: Nghành Giáo dục thể chất  |b Sách trợ giúp giảng viên Cao đẳng Sư phạm  |c Nguyễn Viết Minh (ch.b) - Nguyễn Lương Lợi - Nguyễn Thế Cương.... 
260 |a H.  |b Đại học sư phạm  |c 2007 
300 |a 292 tr  |c 24 cm 
500 |a Bộ giáo dục và đào tạo dự án đào tạo giáo viên THCS 
653 |a đào tạo 
653 |a thể chất 
OWN |a LSP 
999 |a From the UDN01 
TYP |a Monograph 
TYP |a Printed language 
980 |a Mạng thư viện Đại học Đà Nẵng